000 00539nam a2200229Ia 4500
003 OSt
005 20220924142303.0
006 a|||||r|||| 00| 0
007 ta
008 220923b |||||||| |||| 00| 0 ben d
024 _a301290
037 _cTextual
040 _aARTS
_cARTS
_bben
041 _2ben
_aben
082 _aY74462:1, 157N2
100 _aDutta
245 0 _aThod bodi khada
260 _c1992
650 _aSOCIOLOGY
942 _hY74462:1, 157N2
_cTEXL
_2CC
999 _c450144
_d450144